000 00219nam a22000857a 4500
008 160831b xxu||||| |||| 00| 0 eng d
100 _9277
_aOm kidz
245 _aThe best of Akbar & Birbal
260 _aNew Delhi
_bOm kidz
_c2012
999 _c2935
_d2935